00429nam a2200109Ia 4500008004100000050002800041100002600069245007400095260008600169300003700255521002700292140724s9999 xx 000 0 und d aQA 76.9.S88b.P419 2013 aPeña, Juan Simon E. aInventory system for Reyes Haircutters Salon /cJuan Simon E. Peña. aLas Piñas, Philippines :bSouthville International School and Colleges,cc2013. a1 v. (unpaged) :bill. ;c28 cm. aInformation Technology